| 000 | 00536nam a22001937a 4500 | ||
|---|---|---|---|
| 003 | OSt | ||
| 005 | 20161129104228.0 | ||
| 008 | 150220b xxu||||| |||| 00| 0 eng d | ||
| 020 | _a84-02-10639 | ||
| 040 | _cBMC | ||
| 082 | _a863.99361 | ||
| 100 | 1 |
_913829 _aGarcía Márquez, Gabriel _d1927-2014 |
|
| 245 | 1 | 3 |
_aEl amor en los tiempos del cólera _cGabriel García Márquez |
| 250 | _a1ª ed, 5ª reimp | ||
| 260 |
_aMéxico, D. F. _bDiana _c2016 |
||
| 300 |
_a41 p. _c19 cm |
||
| 650 | 2 | 4 |
_929652 _aNovela colombiana |
| 942 |
_2ddc _cBK |
||
| 999 |
_c23270 _d23270 |
||